| 000 -LEADER |
| fixed length control field |
00510pab a2200169 454500 |
| 008 - FIXED-LENGTH DATA ELEMENTS--GENERAL INFORMATION |
| fixed length control field |
180718b2004 xxu||||| |||| 00| 0 eng d |
| 100 ## - MAIN ENTRY--PERSONAL NAME |
| Personal name |
Flint, Colin |
| 245 ## - TITLE STATEMENT |
| Title |
How the United States justified its war on terrorism: prime morality and the construction of a `just war' |
| 260 ## - PUBLICATION, DISTRIBUTION, ETC. |
| Date of publication, distribution, etc. |
2004 |
| 300 ## - PHYSICAL DESCRIPTION |
| Extent |
p.1379-399. |
| 650 ## - SUBJECT ADDED ENTRY--TOPICAL TERM |
| Topical term or geographic name entry element |
Ethics - United States |
| 650 ## - SUBJECT ADDED ENTRY--TOPICAL TERM |
| Topical term or geographic name entry element |
Terrorism - United States |
| 650 ## - SUBJECT ADDED ENTRY--TOPICAL TERM |
| Topical term or geographic name entry element |
Terrorism |
| 700 ## - ADDED ENTRY--PERSONAL NAME |
| Personal name |
Falaah, Ghazi-Walid |
| 773 ## - HOST ITEM ENTRY |
| Main entry heading |
Third World Quarterly |
| 909 ## - |
| -- |
63634 |